000 00526nam a2200169 4500
001 124236
003 ES-MaACL
005 20251015145002.0
007 t|
008 070214s1966 sp r ||||1| spa d
245 0 0 _aRasgos de la espiritualidad de madre Sacramento
_b: (estudios en colaboración).
260 _aMadrid :
_bEspiritualidad,
_c1966.
300 _a434 p., 2 lám. ;
_c25 cm.
600 0 7 _aMaría Micaela del Santísimo Sacramento,
_cSanta
_2
_9140518
852 _aES-MaACL
_jG-5129
999 _c124236
_d124236